| 000 | 00850nam a2200241 i 4500 | ||
|---|---|---|---|
| 001 | 15335 | ||
| 003 | ES-MaACL | ||
| 005 | 20230906151039.0 | ||
| 007 | t| | ||
| 008 | 000215s1998 sp ||||0| spa j | ||
| 020 | _a84-7738-606-4 | ||
| 040 |
_aM-BN _bspa _cM-BN |
||
| 080 | _a316.77:32 | ||
| 100 | 1 |
_aQuirós Fernández, Fernando. _994794 |
|
| 245 | 1 | 0 |
_aEstructura internacional de la información _b: el poder mediático en la era de la globalización / _cFernando Quirós Fernández. |
| 260 |
_aMadrid : _bSíntesis, _c[1998] |
||
| 300 |
_a300 p. ; _c23 cm. |
||
| 490 | 1 |
_aCiencias de la información. Periodismo ; _v27 |
|
| 650 | 1 | 4 |
_aMedios de comunicación social- _xAspectos políticos. _914964 |
| 830 | 0 |
_aCiencias de la información. Periodismo ; _v27 _9228564 |
|
| 852 |
_aES-MaACL _jL-22628 _bR.127815 |
||
| 999 |
_c15335 _d15335 |
||